000 00554nam a2200193Ia 4500
005 20240109110111.0
008 131103s9999 xx 000 0 und d
040 _aLoreto College
041 _aEnglish
082 _a370
_bBLO
100 _aBloom, Benjamin S.
245 _aCompensatory Education for Cultural Deprivation,
_cBenjamin S. Bloom, Allison Davis and Robert Hess
260 _aNew York
_bHolt,Rinehart and Winston
_c1965
300 _a179 p.
650 _aEducation
700 _aDavis, Allison,auth.
850 _aLCLIB
942 _cBK
999 _c2853
_d53332